000 00979nam a2200217Ia 4500
999 _c39869
_d39869
001 6474
003 GE_BSU
005 20190530141124.0
008 181216s1979||||ge |||||||||||||| ||geo||
040 _cGE_BSU
041 _ageo
080 _a54+579+543(076) ლ-13
245 _aლაბორატორიული სამუშაოები სასმელი და ჩამდინარე წყლების ქიმიასა და მიკრობიოლოგიაში : ნაწ.I. /
_cშემდგ : უ . ბრეგაძე ; რედ : მ.ძიძიგური.
264 _a თბილისი :
_bსპი,
_c1979.
300 _a70 გვ .:
_c20 სმ.
653 _aმიკრობიოლოგია
653 _aქიმია
700 _aბრეგაძე, უ
_eშმდგენელი
_91827
700 _aძიძიგური, მ
_eრედაქტორი
_9472
942 _cBK
_2udc